000 00514nam a2200205Ia 4500
008 210210b2009 xxu||||| |||| 00| 0 eng d
041 _aeng
082 _a927.84K VASH
100 _aVASANTA NADIGERA
245 _aHaduhakkiya hradayagite: Lata Mangeshkar jivanagathe
260 _aBengaluru
_bSumukha Prakashana
_c2009
300 _a209
650 _aMangeshkar
650 _aLata
650 _ajivanagathe
650 _ahradayagite:
650 _aHaduhakkiya
690 _aBiography
906 _a064197
999 _c140423
_d140423